000 00398nam a22001457a 4500
020 _a0815771185
082 _a601POA
100 _aPoats,Rutherford M.
245 _aTechnology for Developing Nations
260 _aWashungton D.C
_bThe Bookings Institution
_c1972
300 _aix,255p
_bill, 22cm
500 _ainclude appendix, index
650 _aTechnology for Developing Nations
942 _cBK
999 _c17877
_d17877